Flaggen mit Seitenverhältnis 3:5 - Statistiken

Allgemein
  • Dieses Quiz wurde 15 mal gespielt
  • Das Durchschnittsergebnis liegt bei 13 aus 16
Antwortstatistiken
Bildquiz Antwort % Korrekt
Deutschland
100%
Bahrain
93%
Liechtenstein
93%
Luxemburg
93%
Vereinigtes Königreich
93%
Bangladesch
86%
Bulgarien
86%
Kirgisistan
86%
Nicaragua
86%
Costa Rica
79%
Haiti
79%
Trinidad und Tobago
79%
Burundi
71%
Grenada
71%
Guyana
71%
Komoren
71%
Keine übereinstimmenden Quizze gefunden
Verteilung der Resultate
Anzahl Personen mit jedem Resultat
Perzentil nach korrekt beantworteten Fragen
Ihre Resultats-Entwicklung
Sie haben dieses Quiz noch nicht gespielt